[Event "Valasska Bystrice op"]
[Site "Valasska Bystrice"]
[Date "2015.09.13"]
[Round "2"]
[White "Vaculik, Jakub"]
[Black "Skrobak, Petr"]
[Result "1/2-1/2"]
[WhiteElo "2124"]
[BlackElo "1808"]
[PlyCount "106"]
[EventDate "2015.09.12"]
[EventType "swiss"]
[EventRounds "9"]
[EventCountry "CZE"]
[SourceTitle "EXT 2016"]
[Source "ChessBase"]
[SourceDate "2015.10.08"]
[SourceVersion "1"]
[SourceVersionDate "2015.10.08"]
[SourceQuality "1"]

1. Nf3 d5 2. c4 e6 3. e3 Nf6 4. b3 Be7 5. Be2 0-0 6. 0-0 b6 7. d4 Bb7 8. Bb2 c6 9. Nc3 Nbd7 10. Rc1 Rc8 11. Qd3 Bd6 12. e4 dxe4 13. Nxe4 Nxe4 14. Qxe4 Nf6 15. Qh4 Be7 16. Rfd1 Nd5 17. Qe4 Nf6 18. Qe3 Qc7 19. Bd3 Rfd8 20. Bc2 Rd7 21. Ne5 Rdd8 22. Qh3 g6 23. Nf3 Nh5 24. Ne5 Bf6 25. Qe3 Bxe5 26. dxe5 c5 27. f3 Ng7 28. g4 Bc6 29. Bc3 Qb7 30. Kf2 Qe7 31. Qf4 Qh4+ 32. Qg3 Qe7 33. Rxd8+ Rxd8 34. Rd1 Rxd1 35. Bxd1 Qd8 36. Be2 Ne8 37. Qf4 Nc7 38. Kg3 Na6 39. a3 Nb8 40. Qd2 Qc7 41. f4 Be4 42. Bf1 Nc6 43. Bg2 Bxg2 44. Kxg2 Qd8 45. Qxd8+ Nxd8 46. Kf3 Nc6 47. Ke4 Kf8 48. h4 Ke7 49. b4 cxb4 50. axb4 Kd7 51. b5 Nd8 52. Bb4 Nb7 53. Kd4 Kc7 1/2-1/2

[Event "Valasska Bystrice op"]
[Site "Valasska Bystrice"]
[Date "2015.09.12"]
[Round "1"]
[White "Skrobak, Petr"]
[Black "Vavra, Vladimir"]
[Result "1-0"]
[WhiteElo "1808"]
[BlackElo "1502"]
[PlyCount "77"]
[EventDate "2015.09.12"]
[EventType "swiss"]
[EventRounds "9"]
[EventCountry "CZE"]
[SourceTitle "EXT 2016"]
[Source "ChessBase"]
[SourceDate "2015.10.08"]
[SourceVersion "1"]
[SourceVersionDate "2015.10.08"]
[SourceQuality "1"]

1. e4 c5 2. Nf3 d6 3. d4 cxd4 4. Nxd4 a6 5. Bd3 g6 6. 0-0 Bg7 7. c3 Nf6 8. f3 0-0 9. Be3 Bd7 10. a4 Nc6 11. Na3 Nxd4 12. cxd4 Ne8 13. Qb3 Bc8 14. Rac1 Nc7 15. Rc2 Ne6 16. d5 Nc5 17. Bxc5 dxc5 18. Kh1 Bd4 19. Rcc1 e6 20. Bc4 e5 21. Nc2 Qe8 22. Rfe1 b5 23. axb5 axb5 24. Bxb5 Bd7 25. Bxd7 Qxd7 26. Nxd4 cxd4 27. Rc6 Rfb8 28. Qc2 Ra2 29. Rc7 Qb5 30. Rc8+ Rxc8 31. Qxc8+ Kg7 32. Qc7 Qxb2 33. Qxe5+ f6 34. Qc7+ Kh6 35. Qg3 Ra1 36. h3 Rxe1+ 37. Qxe1 d3 38. Qe3+ g5 39. Qxd3 1-0

[Event "Valasska Bystrice op"]
[Site "Valasska Bystrice"]
[Date "2014.09.17"]
[Round "6"]
[White "Skrobak, Petr"]
[Black "Klima, Martin"]
[Result "1-0"]
[WhiteElo "1814"]
[BlackElo "1638"]
[PlyCount "119"]
[EventDate "2014.09.13"]
[EventType "swiss"]
[EventRounds "9"]
[EventCountry "CZE"]
[SourceTitle "CBM 162 Extra"]
[Source "ChessBase"]
[SourceDate "2014.10.17"]
[SourceVersion "1"]
[SourceVersionDate "2014.10.17"]
[SourceQuality "1"]

1. d4 d5 2. c4 dxc4 3. e4 Nf6 4. e5 Nd5 5. Bxc4 Nb6 6. Bb3 Bf5 7. Ne2 e6 8. Be3 Bb4+ 9. Nbc3 Nd5 10. Bd2 0-0 11. Nxd5 Bxd2+ 12. Qxd2 exd5 13. 0-0 c6 14. f4 h6 15. Rac1 Na6 16. Ng3 Bh7 17. Rf3 Nc7 18. f5 f6 19. e6 Qe7 20. Bc2 Kh8 21. Ne2 Rae8 22. Nf4 Nb5 23. Bb1 Nd6 24. Nh5 Rg8 25. Re1 a6 26. Qf4 Ref8 27. Rg3 Nf7 28. Qe3 Nd6 29. Qf4 Nf7 30. Kf1 Nd6 31. h4 Nc4 32. b3 Nd6 33. Qf3 Nb5 34. Rg4 Nd6 35. Ng3 Nc8 36. h5 Qc7 37. Kg1 Ne7 38. Rf4 Qa5 39. Rd1 Qc7 40. Ne2 Re8 41. Kf2 Qc8 42. Ng1 Nxf5 43. Bxf5 Bxf5 44. Rxf5 Qxe6 45. Nh3 Qd7 46. Nf4 Re4 47. Ng6+ Kh7 48. Re1 Rxe1 49. Kxe1 Re8+ 50. Kf2 Qe6 51. Kg3 Qd6+ 52. Kh3 Re4 53. Rf4 Re8 54. Qg4 Qb4 55. Nh4 Qe7 56. Nf5 Qf8 57. Rf3 Rc8 58. Re3 Rc7 59. Qg6+ Kh8 60. Re8 1-0